[Event "Oberliga Ost-B 1920"]
[Site "Germany"]
[Date "2019.12.08"]
[Round "5.2"]
[White "Hermannsdoerfer, Frank"]
[Black "Frolov, Artur"]
[Result "0-1"]
[WhiteElo "2155"]
[BlackElo "2420"]
[PlyCount "96"]
[EventDate "2019.09.29"]
[EventType "team-tourn"]
[EventRounds "11"]
[EventCountry "GER"]
[SourceTitle "EXT 2021"]
[Source "ChessBase"]
[SourceDate "2020.10.23"]
[SourceVersion "1"]
[SourceVersionDate "2020.10.23"]
[SourceQuality "1"]
[WhiteTeam "Liebschwitz"]
[BlackTeam "Bad Emstal/Wolfhagen"]
[WhiteTeamCountry "GER"]
[BlackTeamCountry "GER"]

1. c4 e5 2. Nc3 Nc6 3. Nf3 f5 4. d4 e4 5. Ng1 Nf6 6. g3 d5 7. cxd5 Nxd5 8. e3 Be6 9. a3 Qd7 10. Bd2 Bd6 11. Bb5 a6 12. Be2 0-0 13. h4 Nce7 14. Nh3 Kh8 15. Rc1 Nxc3 16. Bxc3 Nd5 17. Nf4 Nxf4 18. gxf4 Bd5 19. Qd2 Bxf4 20. Bb4 Bd6 21. Bxd6 Qxd6 22. Qb4 Qxb4+ 23. axb4 c6 24. Bc4 Rad8 25. Rg1 Rf6 26. Rg5 h6 27. Rg2 Kh7 28. Kd2 Rg6 29. Rxg6 Kxg6 30. Be2 Kf6 31. h5 Bf7 32. Rh1 Rh8 33. f4 exf3 34. Bxf3 Rd8 35. Rc1 Bd5 36. Be2 Be4 37. Rg1 Kf7 38. Bc4+ Kf8 39. Rf1 Rd6 40. Bd3 Rf6 41. Kc3 Bxd3 42. Kxd3 Kf7 43. Kc4 g5 44. hxg6+ Kxg6 45. Rg1+ Kh7 46. Rh1 Rd6 47. Kd3 Rg6 48. Rh2 Rg3 0-1

[Event "Berlin Lichtenberger op 18th"]
[Site "Berlin"]
[Date "2019.08.22"]
[Round "6"]
[White "Kapr, Klaus"]
[Black "Hermannsdoerfer, Frank"]
[Result "1/2-1/2"]
[WhiteElo "2031"]
[BlackElo "2177"]
[PlyCount "101"]
[EventDate "2019.08.17"]
[EventType "swiss"]
[EventRounds "9"]
[EventCountry "GER"]
[SourceTitle "EXT 2020"]
[Source "ChessBase"]
[SourceDate "2019.10.17"]
[SourceVersion "1"]
[SourceVersionDate "2019.10.17"]
[SourceQuality "1"]

1. e4 d6 2. d4 Nf6 3. Nc3 e5 4. Nf3 exd4 5. Nxd4 Be7 6. g3 Nc6 7. Bg2 Nxd4 8. Qxd4 c6 9. 0-0 0-0 10. f4 Qb6 11. Be3 Qxd4 12. Bxd4 Re8 13. Rae1 Be6 14. h3 c5 15. Bxf6 Bxf6 16. e5 dxe5 17. fxe5 Bg5 18. Nb5 Bc4 19. Nc7 Bxf1 20. Rxf1 Rad8 21. Nxe8 Rxe8 22. Bd5 Re7 23. h4 Be3+ 24. Kg2 Bd4 25. b3 Bxe5 26. Re1 b5 27. a3 g6 28. c4 bxc4 29. Bxc4 Kg7 30. a4 a5 31. Re2 f5 32. Kf3 Kf6 33. Rd2 g5 34. Rd5 g4+ 35. Kg2 Bd4 36. Rd6+ Ke5 37. Rh6 Bc3 38. Ra6 Bd2 39. Rc6 Bb4 40. Rh6 f4 41. gxf4+ Kxf4 42. Rf6+ Ke5 43. Rf7 Rxf7 44. Bxf7 Kf4 45. Bg8 h6 46. Bf7 Be1 47. h5 Kg5 48. Bg6 Kf6 49. Be8 Ke7 50. Bg6 Kf6 51. Be8 1/2-1/2

[Event "Berlin Lichtenberger op 18th"]
[Site "Berlin"]
[Date "2019.08.18"]
[Round "2"]
[White "Bender, Sebastian1"]
[Black "Hermannsdoerfer, Frank"]
[Result "0-1"]
[WhiteElo "1911"]
[BlackElo "2177"]
[PlyCount "88"]
[EventDate "2019.08.17"]
[EventType "swiss"]
[EventRounds "9"]
[EventCountry "GER"]
[SourceTitle "EXT 2020"]
[Source "ChessBase"]
[SourceDate "2019.10.17"]
[SourceVersion "1"]
[SourceVersionDate "2019.10.17"]
[SourceQuality "1"]

1. e4 d6 2. d4 Nf6 3. Nc3 e5 4. Nf3 exd4 5. Nxd4 Be7 6. Bf4 0-0 7. Qd2 d5 8. Ndb5 Bb4 9. exd5 Re8+ 10. Be2 Ne4 11. Qd3 Qf6 12. Qf3 Nxc3 13. Nxc3 Bxc3+ 14. bxc3 Bg4 15. Qxg4 Qxc3+ 16. Kd1 Qxa1+ 17. Bc1 Na6 18. h4 Nc5 19. Rh3 Ne4 20. Qf3 Rad8 21. c4 c6 22. Kc2 Qxa2+ 23. Bb2 Qa4+ 24. Kc1 cxd5 25. Qg4 d4 26. Rf3 Nc3 27. Rxc3 dxc3 28. Bxc3 g6 29. h5 Qb3 30. Bf6 Rxe2 31. Qxe2 Qd3 32. Qg4 Qd2+ 33. Kb1 Qd1+ 34. Qxd1 Rxd1+ 35. Kc2 Rd6 36. Be5 Rc6 37. hxg6 fxg6 38. Kb3 Kf7 39. Bd4 a6 40. Kb4 Ke6 41. g3 Kf5 42. Be3 Ke4 43. c5 Kd5 44. g4 h5 0-1

[Event "Wiesbaden op 30th"]
[Site "Wiesbaden"]
[Date "2018.08.26"]
[Round "7"]
[White "Hermannsdoerfer, Frank"]
[Black "Moes, Waldemar"]
[Result "1-0"]
[WhiteElo "2157"]
[BlackElo "2015"]
[PlyCount "75"]
[EventDate "2018.08.23"]
[EventType "swiss"]
[EventRounds "7"]
[EventCountry "GER"]
[SourceTitle "CBM 186 Extra"]
[Source "ChessBase"]
[SourceDate "2018.08.24"]
[SourceVersion "1"]
[SourceVersionDate "2018.08.24"]
[SourceQuality "1"]

1. b3 e5 2. Bb2 Nc6 3. e3 d5 4. Bb5 Bd6 5. f4 Qe7 6. Nf3 Bg4 7. fxe5 Bxe5 8. Bxe5 Bxf3 9. Qxf3 Qxe5 10. 0-0 Nf6 11. Nc3 Qd6 12. Ne2 0-0 13. Bxc6 Qxc6 14. Nd4 Qc5 15. Nf5 Ne4 16. d3 Nd6 17. Qxd5 Qxc2 18. Nxd6 cxd6 19. Rac1 Qd2 20. e4 Qe3+ 21. Kh1 Qb6 22. a4 a5 23. Rf5 Kh8 24. Rxf7 Rxf7 25. Qxf7 Qe3 26. Rf1 h6 27. Qxb7 Ra7 28. Qc8+ Kh7 29. Qc4 Rb7 30. h3 Qe2 31. Rc1 Qb2 32. d4 Rxb3 33. e5 dxe5 34. dxe5 Rb4 35. Qd3+ Kg8 36. Rc8+ Kf7 37. Qf5+ Ke7 38. Rc7+ 1-0

[Event "Wiesbaden op 30th"]
[Site "Wiesbaden"]
[Date "2018.08.26"]
[Round "6"]
[White "Milov, Leonid"]
[Black "Hermannsdoerfer, Frank"]
[Result "1-0"]
[WhiteElo "2469"]
[BlackElo "2157"]
[PlyCount "42"]
[EventDate "2018.08.23"]
[EventType "swiss"]
[EventRounds "7"]
[EventCountry "GER"]
[SourceTitle "CBM 186 Extra"]
[Source "ChessBase"]
[SourceDate "2018.08.24"]
[SourceVersion "1"]
[SourceVersionDate "2018.08.24"]
[SourceQuality "1"]

1. e4 d6 2. d4 Nf6 3. Nc3 e5 4. dxe5 dxe5 5. Qxd8+ Kxd8 6. Bg5 Be7 7. Nf3 Nbd7 8. 0-0-0 Ne8 9. Be3 f6 10. h4 h5 11. Nd5 Bf8 12. Ng5 fxg5 13. Bxg5+ Nef6 14. Nxf6 Be7 15. Nd5 Bxg5+ 16. hxg5 c6 17. Ne3 g6 18. Rd6 Rg8 19. Bc4 Rg7 20. Rhd1 Kc7 21. f3 b5 1-0

[Event "Wiesbaden op 30th"]
[Site "Wiesbaden"]
[Date "2018.08.25"]
[Round "5"]
[White "Hermannsdoerfer, Frank"]
[Black "Berberich, Christoph"]
[Result "1-0"]
[WhiteElo "2157"]
[BlackElo "2002"]
[PlyCount "57"]
[EventDate "2018.08.23"]
[EventType "swiss"]
[EventRounds "7"]
[EventCountry "GER"]
[SourceTitle "CBM 186 Extra"]
[Source "ChessBase"]
[SourceDate "2018.08.24"]
[SourceVersion "1"]
[SourceVersionDate "2018.08.24"]
[SourceQuality "1"]

1. b3 e5 2. Bb2 Nc6 3. e3 Nf6 4. Bb5 Bd6 5. Na3 a6 6. Bxc6 dxc6 7. Nc4 e4 8. Ne2 Bg4 9. h3 Bxe2 10. Qxe2 Qe7 11. f4 h5 12. g3 0-0-0 13. 0-0-0 Qe6 14. Nxd6+ Rxd6 15. g4 hxg4 16. hxg4 Rxh1 17. Rxh1 Qxg4 18. Qxg4+ Nxg4 19. Bxg7 Rg6 20. Rh8+ Kd7 21. Bc3 Nf2 22. Bd4 Rg1+ 23. Kb2 Nd1+ 24. Ka3 Rg2 25. Rf8 Rxd2 26. Rxf7+ Kd8 27. Rf8+ Kd7 28. Bf6 Ke6 29. f5+ 1-0

[Event "Wiesbaden op 30th"]
[Site "Wiesbaden"]
[Date "2018.08.25"]
[Round "4"]
[White "Hermannsdoerfer, Frank"]
[Black "Boehmer, Thomas"]
[Result "1-0"]
[WhiteElo "2157"]
[BlackElo "2032"]
[PlyCount "77"]
[EventDate "2018.08.23"]
[EventType "swiss"]
[EventRounds "7"]
[EventCountry "GER"]
[SourceTitle "CBM 186 Extra"]
[Source "ChessBase"]
[SourceDate "2018.08.24"]
[SourceVersion "1"]
[SourceVersionDate "2018.08.24"]
[SourceQuality "1"]

1. b3 d5 2. Bb2 Bg4 3. f3 Bh5 4. e3 Nd7 5. d4 e6 6. Nc3 Bd6 7. Nge2 c6 8. e4 Qc7 9. Qd2 f6 10. 0-0-0 0-0-0 11. Qe3 Ne7 12. g3 Rhe8 13. Bh3 Bf7 14. Rhe1 Kb8 15. Nf4 Ng6 16. Nd3 a6 17. Na4 e5 18. Bxd7 Rxd7 19. Qf2 Rdd8 20. Kb1 Nf8 21. dxe5 fxe5 22. f4 exf4 23. e5 Be7 24. gxf4 b5 25. Nac5 Qc8 26. Bd4 Ne6 27. Nxe6 Bxe6 28. Bb6 Rd7 29. f5 Bg8 30. e6 Rb7 31. Bd4 Bd6 32. Be5 Bxe5 33. Nxe5 g6 34. Nd7+ Ka8 35. f6 Bxe6 36. Nb6+ Rxb6 37. Qxb6 Rf8 38. Qc5 Rxf6 39. Qe7 1-0

[Event "Wiesbaden op 30th"]
[Site "Wiesbaden"]
[Date "2018.08.24"]
[Round "3"]
[White "Carow, Johannes"]
[Black "Hermannsdoerfer, Frank"]
[Result "1-0"]
[WhiteElo "2445"]
[BlackElo "2157"]
[PlyCount "123"]
[EventDate "2018.08.23"]
[EventType "swiss"]
[EventRounds "7"]
[EventCountry "GER"]
[SourceTitle "CBM 186 Extra"]
[Source "ChessBase"]
[SourceDate "2018.08.24"]
[SourceVersion "1"]
[SourceVersionDate "2018.08.24"]
[SourceQuality "1"]

1. d4 d6 2. Nf3 Nf6 3. c4 Bf5 4. g3 c6 5. Bg2 Nbd7 6. 0-0 e5 7. Nc3 Be7 8. Re1 h6 9. e4 Bh7 10. Qe2 Qc7 11. b3 0-0 12. Bb2 Rfe8 13. d5 Nc5 14. Nd2 a5 15. Rac1 Nfd7 16. Nf1 Bg5 17. Rcd1 Rad8 18. Ne3 Bxe3 19. Qxe3 Nf6 20. f3 Na6 21. Qf2 Bg6 22. Kh1 Nc5 23. Rd2 Rd7 24. Red1 Na6 25. Ba3 Nb4 26. Bh3 Rdd8 27. Qe3 c5 28. Bb2 Qe7 29. Bf1 Nh7 30. a3 Na6 31. Bd3 Bh5 32. Rf1 g5 33. h4 Bg6 34. Rh2 f6 35. Qe1 b6 36. Nd1 Kg7 37. Ne3 Nf8 38. Kg2 Nd7 39. Rfh1 Rh8 40. Kg1 Rdg8 41. Kf2 Qf8 42. Qb1 Qe8 43. Bf1 Nc7 44. Bh3 Nf8 45. Bf5 Bf7 46. Be6 Nfxe6 47. Nf5+ Kf8 48. dxe6 Bxe6 49. hxg5 Bxf5 50. exf5 Rxg5 51. Bc1 Rgg8 52. Rxh6 Rxh6 53. Rxh6 Qf7 54. Qe4 d5 55. Qh4 Ke7 56. f4 exf4 57. Bxf4 Ne8 58. Qh1 dxc4 59. Rh7 Ng7 60. Qb7+ Ke8 61. Qb8+ Ke7 62. Bd6+ 1-0

[Event "Wiesbaden op 29th"]
[Site "Wiesbaden"]
[Date "2017.08.25"]
[Round "2"]
[White "Hermannsdoerfer, Frank"]
[Black "Li, Maxim"]
[Result "1-0"]
[WhiteElo "2180"]
[BlackElo "1932"]
[PlyCount "75"]
[EventDate "2017.08.24"]
[EventType "swiss"]
[EventRounds "7"]
[EventCountry "GER"]
[SourceTitle "CBM 180 Extra"]
[Source "ChessBase"]
[SourceDate "2017.10.06"]
[SourceVersion "1"]
[SourceVersionDate "2017.10.06"]
[SourceQuality "1"]

1. b3 e5 2. Bb2 d6 3. e4 Nc6 4. Bb5 Bd7 5. Nf3 a6 6. Be2 f5 7. exf5 Bxf5 8. d4 Nb4 9. Na3 e4 10. Nd2 Qg5 11. g4 e3 12. gxf5 Qg2 13. Rf1 exd2+ 14. Qxd2 d5 15. Qe3+ Qe4 16. c3 Nc6 17. Bd3 Qe7 18. 0-0-0 0-0-0 19. Rde1 Rd6 20. Nc2 Qh4 21. Qg3 Qh6+ 22. Kb1 Nf6 23. c4 Rd7 24. c5 Be7 25. b4 Bd8 26. a4 Nh5 27. Qf3 Kb8 28. Re6 Nf6 29. Rfe1 Qh5 30. Qxh5 Nxh5 31. b5 Ne7 32. c6 bxc6 33. bxc6 Rd6 34. Rxe7 Bxe7 35. Rxe7 Rxc6 36. Nb4 Rd6 37. Nxa6+ Kc8 38. Rxc7+ 1-0

[Event "Wiesbaden op 29th"]
[Site "Wiesbaden"]
[Date "2017.08.25"]
[Round "3"]
[White "Malzahn, Sven"]
[Black "Hermannsdoerfer, Frank"]
[Result "1-0"]
[WhiteElo "2052"]
[BlackElo "2180"]
[PlyCount "81"]
[EventDate "2017.08.24"]
[EventType "swiss"]
[EventRounds "7"]
[EventCountry "GER"]
[SourceTitle "CBM 180 Extra"]
[Source "ChessBase"]
[SourceDate "2017.10.06"]
[SourceVersion "1"]
[SourceVersionDate "2017.10.06"]
[SourceQuality "1"]

1. c4 d6 2. Nc3 e5 3. d4 Nd7 4. Nf3 Ngf6 5. Bg5 Be7 6. e3 0-0 7. Qc2 Ne8 8. Bxe7 Qxe7 9. Nd5 Qd8 10. Rd1 c6 11. Nc3 Qe7 12. Be2 f5 13. dxe5 dxe5 14. 0-0 g5 15. Nd2 Ndf6 16. b4 a5 17. b5 Be6 18. Na4 Nc7 19. Nb6 Ra7 20. Nf3 Ng4 21. h3 e4 22. Nd4 Nf6 23. bxc6 f4 24. f3 exf3 25. Bxf3 g4 26. hxg4 Bxg4 27. exf4 Bxf3 28. Rxf3 bxc6 29. Qf5 Rb7 30. Nc8 Qd8 31. Qg5+ Kh8 32. Nf5 Qxd1+ 33. Rf1 Qxf1+ 34. Kxf1 Rb1+ 35. Ke2 Ne6 36. Qh6 Rb2+ 37. Kd1 Rxg2 38. Ncd6 Rg6 39. Qh3 Nxf4 40. Qe3 Rg2 41. Qxf4 1-0

[Event "Berlin Lichtenberger op 15th"]
[Site "Berlin"]
[Date "2016.08.17"]
[Round "5"]
[White "Muskewitz, Bernd"]
[Black "Hermannsdoerfer, Frank"]
[Result "0-1"]
[WhiteElo "1951"]
[BlackElo "2188"]
[PlyCount "90"]
[EventDate "2016.08.13"]
[EventType "swiss"]
[EventRounds "9"]
[EventCountry "GER"]
[SourceTitle "CBM 173 Extra"]
[Source "ChessBase"]
[SourceDate "2016.08.29"]
[SourceVersion "1"]
[SourceVersionDate "2016.08.29"]
[SourceQuality "1"]

1. e4 d6 2. d4 Nf6 3. f3 e5 4. d5 c6 5. c4 Qb6 6. Qe2 Be7 7. Be3 Qc7 8. Nc3 Nbd7 9. Qd2 h6 10. Bd3 Nf8 11. Nge2 Ng6 12. b4 Nh7 13. 0-0 Bg5 14. c5 0-0 15. Bc4 Rd8 16. Bxg5 hxg5 17. Qe3 Nf4 18. Nxf4 gxf4 19. Qf2 Nf6 20. Rfd1 a5 21. a3 axb4 22. axb4 Rxa1 23. Rxa1 Bd7 24. Ra7 Rb8 25. dxc6 Qxc6 26. Nd5 Nxd5 27. exd5 Qc8 28. Bd3 Bf5 29. Be4 Bxe4 30. fxe4 f5 31. Qc2 fxe4 32. c6 Qc7 33. Rxb7 Rxb7 34. cxb7 Qxb7 35. Qxe4 Qa7+ 36. Kf1 Qa1+ 37. Kf2 Qb2+ 38. Kf3 Qd2 39. Kg4 Qf2 40. Kf5 Kf7 41. Kg5 Ke7 42. Kg4 Qg1 43. Kh3 Qe3+ 44. Qxe3 fxe3 45. Kg3 e4 0-1

[Event "Oberliga Ost-B 1516"]
[Site "Germany"]
[Date "2016.02.21"]
[Round "8.1"]
[White "Feldtmann, Thomas"]
[Black "Hermannsdoerfer, Frank"]
[Result "0-1"]
[WhiteElo "2255"]
[BlackElo "2193"]
[PlyCount "72"]
[EventDate "2015.09.20"]
[EventType "team-tourn"]
[EventRounds "11"]
[EventCountry "GER"]
[SourceTitle "EXT 2017"]
[Source "ChessBase"]
[SourceDate "2016.10.25"]
[SourceVersion "1"]
[SourceVersionDate "2016.10.25"]
[SourceQuality "1"]
[WhiteTeam "Marburg"]
[BlackTeam "Liebschwitz"]
[WhiteTeamCountry "GER"]
[BlackTeamCountry "GER"]

1. d4 d6 2. c4 e5 3. dxe5 dxe5 4. Qxd8+ Kxd8 5. Nc3 Be6 6. Nf3 f6 7. b3 c6 8. Bb2 Nd7 9. Rg1 a5 10. 0-0-0 Kc7 11. g4 a4 12. Nxa4 Bb4 13. e3 Nh6 14. g5 Nf7 15. gxf6 gxf6 16. Bd3 Ra5 17. Kb1 Be7 18. Nh4 e4 19. Be2 Ng5 20. Bc3 Raa8 21. Bg4 Bxg4 22. Rxg4 Rhg8 23. Nf5 Ba3 24. Rxd7+ Kxd7 25. Nb6+ Ke6 26. Nxa8 Kxf5 27. Rf4+ Ke6 28. Rxf6+ Ke7 29. Rh6 Nf7 30. Rh4 Rxa8 31. Rxe4+ Kd7 32. Rf4 Ke6 33. Re4+ Kd7 34. Rf4 Ke7 35. Rh4 Rg8 36. Rxh7 Rg2 0-1

[Event "GER HS-197 email"]
[Site "GER email"]
[Date "2016.01.11"]
[Round "?"]
[White "Geerken, Lutz"]
[Black "Hermannsdoerfer, Frank"]
[Result "1-0"]
[WhiteElo "2024"]
[BlackElo "1833"]
[PlyCount "53"]
[EventDate "2016.01.16"]
[EventType "tourn (corr)"]
[EventRounds "6"]
[EventCountry "GER"]
[SourceTitle "Corr 2020"]
[Source "ChessBase"]
[SourceDate "2019.09.30"]
[SourceVersion "1"]
[SourceVersionDate "2019.09.30"]
[SourceQuality "1"]

1. c4 d6 2. Nc3 e5 3. g3 f5 4. Bg2 Nf6 5. d3 Be7 6. Nf3 0-0 7. 0-0 Qe8 8. b4 Kh8 9. a4 Qh5 10. e3 a5 11. b5 Nbd7 12. Ba3 Rb8 13. Rc1 Bd8 14. Nh4 Qxd1 15. Rfxd1 g6 16. Nf3 Kg7 17. Nd2 b6 18. Bc6 Be7 19. d4 e4 20. Bb2 Rd8 21. Rf1 Nf8 22. Rce1 Bd7 23. f3 exf3 24. e4 fxe4 25. Ndxe4 Bxc6 26. bxc6 Nxe4 27. Rxe4 1-0

[Event "GER HS-197 email"]
[Site "GER email"]
[Date "2016.01.11"]
[Round "?"]
[White "Hermannsdoerfer, Frank"]
[Black "Sciurti, Domenico"]
[Result "1/2-1/2"]
[WhiteElo "1833"]
[BlackElo "1914"]
[PlyCount "60"]
[EventDate "2016.01.16"]
[EventType "tourn (corr)"]
[EventRounds "6"]
[EventCountry "GER"]
[SourceTitle "Corr 2020"]
[Source "ChessBase"]
[SourceDate "2019.09.30"]
[SourceVersion "1"]
[SourceVersionDate "2019.09.30"]
[SourceQuality "1"]

1. c4 c5 2. b3 f6 3. e3 b6 4. Nf3 e6 5. Bb2 Bb7 6. d4 cxd4 7. exd4 Nh6 8. Nc3 Bb4 9. a3 Bxc3+ 10. Bxc3 0-0 11. Bd3 d6 12. 0-0 Nd7 13. Bc2 Rc8 14. Rc1 Re8 15. Re1 d5 16. Bd3 Nf7 17. Bb2 dxc4 18. bxc4 e5 19. Qc2 Bxf3 20. Bxh7+ Kf8 21. gxf3 exd4 22. f4 Rxe1+ 23. Rxe1 Nc5 24. Qf5 d3 25. Rd1 Rc6 26. Bc3 a5 27. Bg6 Qc8 28. Qh5 Qd7 29. Bf5 Qd8 30. Bd2 Nb3 1/2-1/2

[Event "GER HS-197 email"]
[Site "GER email"]
[Date "2016.01.11"]
[Round "?"]
[White "Lukas, Maritta"]
[Black "Hermannsdoerfer, Frank"]
[Result "1-0"]
[WhiteElo "1930"]
[BlackElo "1833"]
[PlyCount "103"]
[EventDate "2016.01.16"]
[EventType "tourn (corr)"]
[EventRounds "6"]
[EventCountry "GER"]
[SourceTitle "Corr 2020"]
[Source "ChessBase"]
[SourceDate "2019.09.30"]
[SourceVersion "1"]
[SourceVersionDate "2019.09.30"]
[SourceQuality "1"]

1. e4 d6 2. d4 Nf6 3. Nc3 e5 4. Nf3 Nbd7 5. Bc4 Be7 6. 0-0 0-0 7. Re1 c6 8. a4 a5 9. h3 Nb6 10. Ba2 Nfd7 11. dxe5 dxe5 12. Be3 h6 13. Nh2 Bg5 14. Qh5 Nf6 15. Qf3 Bxe3 16. Qxe3 Qc7 17. Nf1 Nbd7 18. Rad1 Qb6 19. Nd2 Qxe3 20. Rxe3 Nc5 21. Ree1 g6 22. f3 Kg7 23. Kf2 b5 24. Nb3 Nxb3 25. Bxb3 b4 26. Ne2 Ba6 27. Rd6 Rfc8 28. Red1 Ra7 29. h4 h5 30. Ke3 Rcc7 31. R1d2 c5 32. c4 Nd7 33. g3 Bc8 34. Bd1 Kf8 35. Nc1 Ke7 36. b3 Ra6 37. Rxa6 Bxa6 38. Nd3 Bb7 39. f4 exf4+ 40. gxf4 Nf6 41. Bf3 Bc8 42. Rg2 Bg4 43. e5 Ng8 44. Bxg4 hxg4 45. Rxg4 Nh6 46. Rg5 Nf5+ 47. Ke4 Rd7 48. Nxc5 Rd4+ 49. Kf3 Nxh4+ 50. Ke3 Rd1 51. Rg3 Rf1 52. Ke4 1-0

[Event "Oberliga Ost-B 1516"]
[Site "Germany"]
[Date "2015.12.13"]
[Round "5.1"]
[White "Karabalis, Harilos"]
[Black "Hermannsdoerfer, Frank"]
[Result "0-1"]
[WhiteElo "2277"]
[BlackElo "2193"]
[PlyCount "60"]
[EventDate "2015.09.20"]
[EventType "team-tourn"]
[EventRounds "11"]
[EventCountry "GER"]
[SourceTitle "EXT 2017"]
[Source "ChessBase"]
[SourceDate "2016.10.25"]
[SourceVersion "1"]
[SourceVersionDate "2016.10.25"]
[SourceQuality "1"]
[WhiteTeam "Frankfurt BvK"]
[BlackTeam "Liebschwitz"]
[WhiteTeamCountry "GER"]
[BlackTeamCountry "GER"]

1. e4 d6 2. d4 Nf6 3. Nc3 e5 4. Nf3 Nbd7 5. g4 g6 6. g5 Nh5 7. Be3 Bg7 8. dxe5 dxe5 9. Qd2 c6 10. 0-0-0 Qe7 11. Ne2 0-0 12. Ng3 Nxg3 13. hxg3 Nc5 14. Rh4 Be6 15. Qa5 b6 16. Bxc5 bxc5 17. Be2 Rfd8 18. Rdh1 Rab8 19. Rxh7 Bg4 20. Qc3 Bxf3 21. Qxf3 Qxg5+ 22. Kb1 Rd4 23. g4 Rbd8 24. Qh3 Kf8 25. b3 Rd2 26. Bd3 c4 27. Bxc4 Rd1+ 28. Rxd1 Rxd1+ 29. Kb2 Qc1+ 30. Kc3 a5 0-1

[Event "Wiesbaden op 27th"]
[Site "Wiesbaden"]
[Date "2015.08.30"]
[Round "7"]
[White "Biehl, Tim"]
[Black "Hermannsdoerfer, Frank"]
[Result "0-1"]
[WhiteElo "2013"]
[BlackElo "2193"]
[PlyCount "42"]
[EventDate "2015.08.27"]
[EventType "swiss"]
[EventRounds "7"]
[EventCountry "GER"]
[SourceTitle "EXT 2016"]
[Source "ChessBase"]
[SourceDate "2015.10.08"]
[SourceVersion "1"]
[SourceVersionDate "2015.10.08"]
[SourceQuality "1"]

1. e4 d6 2. d4 Nf6 3. Nc3 e5 4. f4 exd4 5. Qxd4 c6 6. Bc4 b5 7. Be2 Nbd7 8. e5 dxe5 9. fxe5 Bc5 10. Qf4 Nd5 11. Nxd5 cxd5 12. Be3 Bxe3 13. Qxe3 Qh4+ 14. Kf1 0-0 15. Nf3 Qb4 16. Qb3 Qc5 17. Rd1 Nb6 18. Bxb5 f6 19. exf6 Rxf6 20. Rd3 a6 21. Rc3 Qxb5+ 0-1

[Event "Wiesbaden op 27th"]
[Site "Wiesbaden"]
[Date "2015.08.30"]
[Round "6"]
[White "Hermannsdoerfer, Frank"]
[Black "Fucik, Timo"]
[Result "1/2-1/2"]
[WhiteElo "2193"]
[BlackElo "2033"]
[PlyCount "85"]
[EventDate "2015.08.27"]
[EventType "swiss"]
[EventRounds "7"]
[EventCountry "GER"]
[SourceTitle "EXT 2016"]
[Source "ChessBase"]
[SourceDate "2015.10.08"]
[SourceVersion "1"]
[SourceVersionDate "2015.10.08"]
[SourceQuality "1"]

1. b3 d5 2. Bb2 c5 3. e3 Nc6 4. Bb5 Bd7 5. Nf3 Nf6 6. 0-0 g6 7. Bxc6 Bxc6 8. Ne5 Rc8 9. d3 Bg7 10. Nd2 0-0 11. Qe2 Qc7 12. Nxc6 Qxc6 13. Nf3 Rfd8 14. Rfe1 b5 15. Rad1 c4 16. dxc4 bxc4 17. Bd4 Ne4 18. Bxg7 Kxg7 19. Ra1 Qf6 20. Nd2 Nc3 21. Qf3 Qxf3 22. gxf3 e6 23. Nb1 cxb3 24. cxb3 Nb5 25. a4 Nd6 26. b4 d4 27. Na3 d3 28. Red1 Rc3 29. Ra2 Kf6 30. b5 Nf5 31. Kg2 d2 32. Kf1 Rc1 33. Ke2 Rxd1 34. Kxd1 Nh4 35. Rxd2 Rxd2+ 36. Kxd2 Nxf3+ 37. Ke2 Ne5 38. f4 Nd7 39. Nc4 Ke7 40. a5 f6 41. a6 Nc5 42. e4 Kd7 43. Ke3 1/2-1/2

[Event "Wiesbaden op 27th"]
[Site "Wiesbaden"]
[Date "2015.08.29"]
[Round "5"]
[White "Brechlin, Olaf"]
[Black "Hermannsdoerfer, Frank"]
[Result "0-1"]
[WhiteElo "1988"]
[BlackElo "2193"]
[PlyCount "62"]
[EventDate "2015.08.27"]
[EventType "swiss"]
[EventRounds "7"]
[EventCountry "GER"]
[SourceTitle "EXT 2016"]
[Source "ChessBase"]
[SourceDate "2015.10.08"]
[SourceVersion "1"]
[SourceVersionDate "2015.10.08"]
[SourceQuality "1"]

1. Nc3 Nf6 2. e4 d6 3. f4 d5 4. e5 d4 5. Nce2 d3 6. Ng3 dxc2 7. Qxc2 Nd5 8. Bc4 c6 9. N1e2 b5 10. Bxd5 Qxd5 11. 0-0 Bb7 12. Qe4 e6 13. Qxd5 cxd5 14. f5 Nc6 15. fxe6 fxe6 16. d4 Be7 17. Be3 Rf8 18. Rxf8+ Bxf8 19. Rf1 Rc8 20. Nf4 Nd8 21. Rc1 Rxc1+ 22. Bxc1 Kf7 23. Bd2 Nc6 24. Nge2 b4 25. Kf2 Ba6 26. Be3 Be7 27. Ke1 Bd8 28. Kd2 Bb6 29. h4 Bb5 30. g4 a5 31. Kc2 Nxe5 0-1

[Event "GER HS-177 email"]
[Site "GER email"]
[Date "2014.12.07"]
[Round "?"]
[White "Hermannsdoerfer, Frank"]
[Black "Egner, Michael"]
[Result "0-1"]
[WhiteElo "1774"]
[BlackElo "1881"]
[PlyCount "76"]
[EventDate "2014.12.19"]
[EventType "tourn (corr)"]
[EventRounds "6"]
[EventCountry "GER"]
[SourceTitle "Corr 2020"]
[Source "ChessBase"]
[SourceDate "2019.09.30"]
[SourceVersion "1"]
[SourceVersionDate "2019.09.30"]
[SourceQuality "1"]

1. b3 e5 2. Bb2 Nc6 3. e3 Nf6 4. Bb5 Bd6 5. Na3 Na5 6. Be2 a6 7. c4 0-0 8. Nc2 c5 9. d3 Nc6 10. Nf3 Bc7 11. e4 b5 12. 0-0 Rb8 13. Ne3 d6 14. Rc1 Bd7 15. h3 h6 16. Nh2 bxc4 17. Nxc4 Nd4 18. Bxd4 exd4 19. Ng4 Bb5 20. Nxf6+ Qxf6 21. Qc2 Qh4 22. Qd1 f5 23. exf5 Bd7 24. Bg4 d5 25. Nb2 h5 26. Rxc5 hxg4 27. Qxg4 Qd8 28. Rxd5 Rxf5 29. Qxd4 Rf4 30. Qe3 Rb5 31. Rxb5 axb5 32. Nd1 Rf5 33. d4 Qf8 34. Nc3 Qd6 35. Qg3 Qxg3 36. fxg3 b4 37. Rxf5 Bxf5 38. Nb5 Bxg3 0-1

[Event "GER HS-177 email"]
[Site "GER email"]
[Date "2014.12.07"]
[Round "?"]
[White "Hermannsdoerfer, Frank"]
[Black "Semmler, Josef"]
[Result "0-1"]
[WhiteElo "1774"]
[BlackElo "1905"]
[PlyCount "62"]
[EventDate "2014.12.19"]
[EventType "tourn (corr)"]
[EventRounds "6"]
[EventCountry "GER"]
[SourceTitle "Corr 2020"]
[Source "ChessBase"]
[SourceDate "2019.09.30"]
[SourceVersion "1"]
[SourceVersionDate "2019.09.30"]
[SourceQuality "1"]

1. b3 e5 2. Bb2 Nc6 3. e3 Nf6 4. Bb5 Bd6 5. Na3 e4 6. f4 0-0 7. Nh3 Be7 8. Nf2 d5 9. 0-0 a6 10. Bxc6 bxc6 11. c4 a5 12. Qc1 Bb7 13. Qc2 Qd7 14. Rac1 Rfc8 15. Nb1 Ba6 16. Bxf6 Bxf6 17. Rfd1 Be7 18. Nc3 Ba3 19. Rb1 Re8 20. Ne2 Rad8 21. Ng3 g6 22. f5 Qe7 23. Rf1 Qh4 24. Rfd1 Bd6 25. cxd5 cxd5 26. Qc6 Bc8 27. fxg6 Re5 28. gxf7+ Kxf7 29. Qa8 Rh5 30. Nxh5 Bxh2+ 31. Kf1 Qxh5 0-1